| 000 | 00910nam a2200229 a 4500 | ||
|---|---|---|---|
| 001 | 000043243 | ||
| 005 | 20250909091242.0 | ||
| 008 | 140303s2008 sp 000 0 spa d | ||
| 020 | _a9788483470763 | ||
| 040 |
_aDO-SdBNP _bspa _cBNPHU |
||
| 100 | 1 |
_aBrun, Javier _970842 |
|
| 245 | 1 | 0 |
_aRedes culturales : _bclaves para sobrevivir en la globalización / _cJavier Brun, Joaquín Benito, Pedro Canut. |
| 260 |
_aMadrid : _bAgencia Española de Cooperación Internacional para el Desarrollo, _c2008. |
||
| 300 |
_a215 p. ; _c23 cm. |
||
| 490 | 1 |
_aCultura y Desarrollo _v8 |
|
| 504 | _aIncluye referencias bibliográficas y notas al pie de las páginas | ||
| 700 | 1 |
_aBenito, Joaquín _970843 |
|
| 700 | 1 |
_aCanut, Pedro _970844 |
|
| 710 | 2 |
_aAgencia Española de Cooperación Internacional _934585 |
|
| 710 | 2 |
_aAgencia Española de Cooperación Internacional _934585 |
|
| 830 | 0 |
_aCultura y Desarrollo _v8 _970835 |
|
| 999 |
_c42732 _d42732 |
||